000 00401nam a2200157 i 4500
001 bg
100 1 _aMREŁA, Krzysztof
245 0 _aStruktury organizacyjne :
_banaliza wielowymiarowa /
_cKrzysztof Mreła.
260 _aWarszawa :
_bPWE,
_c1983.
650 9 _aOrganizacja
_xteoria
040 _cBPK
041 _apol
080 _a65.01
942 _cKS
008 s pl f |000 0 pol
999 _c22306
_d22306
856 _uhttp://koha.tu.koszalin.pl/cgi-bin/koha/opac-detail.pl?biblionumber=22306
_yKatalog online BPK